000 01469nam a2200277 a 4500
003 CO-CtgCURN
005 20250329165504.0
008 160531s2015 000 0 eng d
040 _aCO-CtgCURN
_bspa
_ccoctgcurn
082 0 _aTCS 2015
_bP853
100 1 _aPortocarrero Valentierra, Gaspar José.
245 1 0 _aPlan de negocios para el montaje de una casa de banquetes en la ciudad de Cartagena /
_cGaspar José Portocarrero Valentierra ; tutor, Hernando Aguirre Ucross.
260 _aCartagena de Indias :
_bCorporación Universitaria Rafael Nuñez,
_c2015.
300 _a1 CD-Rom :
_btablas, graficas, formas y formularios.
336 _2rdacontent
337 _2rdamedia
_asin mediacion
_bn
338 _2rdacarrier
_avolumen
_bnc
502 _aTrabajo de grado (Tecnologo en Contabilidad Sistematizada). Corporación Universitaria Rafael Nuñez. Facultad de Ciencias Administrativas y Contables. Tecnologia en Contabilidad Sistematizada, 2015.
504 _aIncluye bibliografia.
590 _aTecnologia en Contabilidad Sistematizada
650 0 _aContabilidad sistematizada
_vTesis y disertaciones academicas.
700 1 _aAguirre Ucross, Hernando,
_eturor.
856 7 _uhttps://unicurn.sharepoint.com/:b:/s/biblioteca/EdWqpLd-To5BmtyaBqW8gIABffcekjGhXFRf0Uxpr686-g?e=QgrKR7
_zClick aqui para ver el recurso en texto completo
942 _hTCS 2015
_iP853
_2ddc
_cTG
999 _c5669
_d5669